000 00418nam a2200157Ia 4500
008 210716s1997 xx 000 0 und d
020 _a0072394668
041 _aeng
082 _a658.1511 HILR
100 _aHilton, Ronald W.
245 _aManagerial accounting.
250 _a2
260 _aNew Delhi
_bTata McGraw Hill Publishing Company Ltd
_c1997
300 _axxx,982/1994
650 _aManagement Accounting
999 _c202978
_d202978